00545nam a22001817a 4500003000200000005001700002008004100019020002200060050002400082100002200106245004900128250002000177260003000197300004500227500001400272504006300286650001400349020230929145627.0230929b xxu||||| |||| 00| 0 eng d a978-0-357-65647-1 aPE 1408 b.K65 2023 aKolin, Philip C.  aSuccesful writing at workcKolin, Philip C.  aTwelfth edition aNew YorkbCengagecc2023. axxvii, 545 pages :bcol. ill. ;c28 cm.  aWriting.  aIncludes bibliographical references, index, and glossary.  aWriting.